Analytical engineering mechanics (Record no. 576003)
[ view plain ]
| 000 -LEADER | |
|---|---|
| fixed length control field | 00526nam a22001817a 4500 |
| 003 - CONTROL NUMBER IDENTIFIER | |
| control field | CEME |
| 005 - DATE AND TIME OF LATEST TRANSACTION | |
| control field | 20210628204038.0 |
| 008 - FIXED-LENGTH DATA ELEMENTS--GENERAL INFORMATION | |
| fixed length control field | 210107b xxu||||| |||| 00| 0 eng d |
| 020 ## - INTERNATIONAL STANDARD BOOK NUMBER | |
| International Standard Book Number | 9788184871425 |
| 040 ## - CATALOGING SOURCE | |
| Transcribing agency | ceme |
| 082 ## - DEWEY DECIMAL CLASSIFICATION NUMBER | |
| Classification number | 530.01515 BOS |
| 100 ## - MAIN ENTRY--PERSONAL NAME | |
| Personal name | Bose, Sujit K, Chattoraj, Debidas, Pratihar, Dilip K |
| 9 (RLIN) | 68418 |
| 245 ## - TITLE STATEMENT | |
| Title | Analytical engineering mechanics |
| 260 ## - PUBLICATION, DISTRIBUTION, ETC. | |
| Place of publication, distribution, etc. | INDIA |
| Name of publisher, distributor, etc. | NAROSA |
| Date of publication, distribution, etc. | 2012 |
| 300 ## - PHYSICAL DESCRIPTION | |
| Extent | XIV, 633P |
| 650 ## - SUBJECT ADDED ENTRY--TOPICAL TERM | |
| Topical term or geographic name entry element | ENGINEERING MECHANICS.ENGINEERING MECHANICS-ANALYTICAL |
| 9 (RLIN) | 68419 |
| 942 ## - ADDED ENTRY ELEMENTS (KOHA) | |
| Koha item type | Book |
| Source of classification or shelving scheme | |
| Withdrawn status | Lost status | Damaged status | Not for loan | Permanent Location | Current Location | Shelving location | Date acquired | Total Checkouts | Full call number | Barcode | Date last seen | Price effective from | Koha item type |
|---|---|---|---|---|---|---|---|---|---|---|---|---|---|
| College of Electrical & Mechanical Engineering (CEME) | College of Electrical & Mechanical Engineering (CEME) | General Stacks | 08/02/2017 | 530.01515 BOS | CEME-46588 | 06/28/2021 | 06/28/2021 | Book |
